Responses for show #3505 - Friday, November 26, 1999

Contestants

Sharon Glickman, a comptroller from Coral Springs, Florida

Serge Botsaris, a psychiatrist from Worcester, Massachusetts

Karen Golojuch, a sign language interpreter from Arlington, Virginia (whose 2-day cash winnings total $13,600)

Jeopardy! Round responses

READ ANY GOOD BOOKS?
COMMON BONDS
EARLY MAN
SECOND BANANAS
ORGANIZATIONS
FOREIGN WORDS & PHRASES
    $100 10
"Catcher in the Rye"

Serge
    $100 16
(Serge: What are parts of shoes?)

Things that are tied

SergeSharon
    $100 9
(Serge: What are sheep?)

Dogs

KarenSerge
    $100 4
"Here's Johnny!"

Sharon
    $100 25
PLO (Palestine Liberation Organization)

Karen
    $100 1
Love letter

Triple Stumper
    $200 15
(Sharon: Who is Deepreck Chopra?)

Deepak Chopra

Sharon
Triple Stumper
    $200 17
Things in bottles

Sharon
    $200 11
Mammoth

Serge
    $200 5
Regis Philbin

Sharon
    $200 26
National Geographic Society

Sharon
    $200 2
C-I-A-O

Karen
    $300 20
(Sharon: Who is Cartland?)

Harlequin

SergeSharon
    $300 18
Things that are packed

Serge
    $300 12
Paint

Triple Stumper
    $300 6
Cheech Marin

Sharon
    $500 27
Amnesty International

Sharon
    $300 3
extemporaneously

Sharon
    $400 22
Stephen Dedalus

Karen
    $400 19
Boxes

Karen
    $400 13
(Serge: What is a gazelle?)

a horse

Serge
Triple Stumper
    $400 7
George Burns

Sharon
    $400 28
(buzzer sounds...)

William Howard Taft

Triple Stumper
    $400 24
(less than a minute to go...)

Salaam

Sharon
    $500 23
Wal-Mart

Triple Stumper
    $500 21
Things that come in a dozen

Serge
    $500 14
Obsidian

Serge
    $500 8
Carl Reiner

Serge

Scores at the first commercial break (after clue 15):

Karen Serge Sharon
$300 $800 $1,100

Scores at the end of the Jeopardy! Round:

Karen Serge Sharon
$1,200 $1,800 $2,200

Double Jeopardy! Round responses

WILD WILD WEST
THE VIRGINIAN
BRANDED
THE BIG VALLEY
KUNG FU
"F" TROOP
    $200 6
W.C. Fields

Serge
    $200 19
NordicTrack

Sharon
    $200 1
Silicon Valley

Serge
    $200 10
Level/rank

Sharon
    $200 9
Fauntleroy

Karen
    $400 7
Sunset Boulevard

Serge
    $400 20
Carpets

Serge
    $400 2
Valley of the Kings

Serge
    $400 12
Praying mantis

Triple Stumper
    $400 11
Florence

Karen
    $600 8
Lifejacket/lifevest

Sharon
    $600 21
American Tourister

Serge
    $1,000 3
(Serge: What is the Donner Valley?)

Death Valley

Serge
    $600 13
(K: What are ninjas?)
(Serge: What are samurai?)

Buddhist monks/priests

KarenSerge
Triple Stumper
    $600 16
Fumble

Karen
    $800 24
Myra Breckinridge

Triple Stumper
    $800 26
William Henry Harrison

Karen
    $800 22
Typewriter

Sharon
    $800 4
Sir Walter Scott

Serge
    $800 14
Tai chi

Serge
    $800 17
Flax

Serge
    $1,800 25
(Serge: What is "Gun?")

"Sex"

Serge
    $1000 27
(buzzer sounds)

John Marshall

Karen
    $1000 23
(less than a minute to go...)

Compaq

Serge
    $1000 5
Alaska

Triple Stumper
    $1000 15
Taoism

Karen
    $1000 18
Fabian Society

Sharon

Scores at the end of the Double Jeopardy! Round:

Karen Serge Sharon
$4,600 $4,000 $5,000

[wagering suggestions for these scores]

Final Jeopardy! Round responses

HIGHWAYS & BYWAYS
SergeWho are Truman and Roosevelt
$3,199
KarenWho are Kennedy and F Roosevelt?
$0
SharonWho are Kennedy & FDR
$4,201
(2 of) Eisenhower, Kennedy, Franklin Roosevelt & Wilson

Final scores:

Karen Serge Sharon
$4,600 $801 $9,201
2nd place: Trip to Spice Island Beach Resort, Grenada 3rd place: Yamaha Clavinova Digital Piano New champion: $9,201

Game dynamics:

Coryat scores:

Karen Serge Sharon
$4,600 $6,800 $4,800
11 R,
1 W
17 R,
6 W
(including 2 DDs)
15 R
(including 1 DD),
2 W

Combined Coryat: $16,200

The J! Archive is created by fans, for fans. The Jeopardy! game show and all elements thereof, including but not limited to copyright and trademark thereto, are the property of Jeopardy Productions, Inc. and are protected under law. This website is not affiliated with, sponsored by, or operated by Jeopardy Productions, Inc. Join the discussion at JBoard.tv.